000 00510nam a2200145Ia 4500
008 170224s9999 xx 000 0 und d
100 _aMichal Al-Yagon
245 _aPerceived Close Relationships With Parents, Teachers, and Peers Predictors of Social, Emotional, and Behavioral Features in Adolescents With LD or Comorbid LD and ADHD
245 _cMichal Al-Yagon
260 _bJournal of Learning Disabilities
260 _c2016
300 _a49:6
650 _xEducation
650 _xSpecial Education
999 _c315707
_d315707